000 01063nam a2200241 a 4500
001 12829
003 BD-JhCC
005 20230517103033.0
008 230517s2018 b a|||| |||| 000 0 b d
020 _a984702020086
035 _a(BD-JhCC)12829
040 _aBD-JhCC
_dBD-JhCC
041 _aben and eng
082 _a540.76
_bSUC 2018
100 _aসূচী, নিশাত ইয়াসমিন হক
245 _aক্যামিস্ট্রি কম্পিটিশন :
_bস্কুল, কলেজ ও সাইন্স অলিম্পিয়াড-এ অংশগ্রকারীদের জন্য /
_cনিশাত ইয়াসমিন হক সূচী
260 _aঢাকা :
_bবিজ্ঞান একাডেমী,
_c২০১৮।
300 _a৪৪৮ পৃ. :
_bচিত্রবলী সংযোজীত,
_c২১ সেমি.
490 _aসাইন্স কম্পিটিশন
650 _aChemistry
650 _aMathematics Competition Olympiad
942 _2ddc
_cBK
999 _c12828
_d12828